[Event "Oktoberfest U2000"]
[Site "Kitchener CAN"]
[Date "2008.10.18"]
[Round "3"]
[White "Shah, Omar"]
[Black "Moran-Venegas, Mario"]
[Result "1-0"]
[WhiteElo "1949"]
[BlackElo "1696"]
[PlyCount "103"]
[GameId "2160767910302952"]
[EventDate "2008.10.17"]
[EventType "swiss"]
[EventRounds "5"]
[EventCountry "CAN"]
[SourceTitle "EXT 2011"]
[Source "ChessBase"]
[SourceDate "2011.11.26"]
[SourceVersion "1"]
[SourceVersionDate "2011.11.26"]
[SourceQuality "1"]

1. e4 c6 2. d4 d5 3. e5 Bf5 4. Nc3 e6 5. g4 Bg6 6. h4 h6 7. Nge2 c5 8. Nf4 Bh7 9. Bd3 Bxd3 10. Qxd3 cxd4 11. Nb5 Nc6 12. Nd6+ Bxd6 13. exd6 Qxd6 14. Bd2 a6 15. Qb3 b5 16. O-O-O Nf6 17. f3 Nd7 18. Rhe1 Nc5 19. Qxd5 Qxd5 20. Nxd5 O-O 21. Nb4 Rac8 22. Nxc6 Rxc6 23. Bb4 Rd8 24. Re5 Nb7 25. Re4 a5 26. Be1 d3 27. c3 a4 28. Bf2 a3 29. Rb4 axb2+ 30. Kxb2 Rd5 31. a4 Nd6 32. axb5 Rc4 33. Rxc4 Nxc4+ 34. Kb3 Ne5 35. c4 Rd7 36. c5 Rd5 37. Kb4 d2 38. Be3 Nd3+ 39. Ka5 Nb2 40. Rxd2 Nc4+ 41. Ka6 Nxd2 42. b6 Nc4 43. b7 Rd8 44. c6 Nd6 45. c7 Nxb7 46. Kxb7 Re8 47. c8=Q Rxc8 48. Kxc8 f5 49. Kd7 fxg4 50. fxg4 Kf7 51. Bd4 g6 52. Be5 1-0

[Event "Oktoberfest U2000"]
[Site "Kitchener CAN"]
[Date "2008.10.19"]
[Round "4"]
[White "Ferreira, Alex"]
[Black "Prysiazny, Michael"]
[Result "1/2-1/2"]
[WhiteElo "1937"]
[BlackElo "1821"]
[PlyCount "54"]
[GameId "2160767910302953"]
[EventDate "2008.10.17"]
[EventType "swiss"]
[EventRounds "5"]
[EventCountry "CAN"]
[SourceTitle "EXT 2011"]
[Source "ChessBase"]
[SourceDate "2011.11.26"]
[SourceVersion "1"]
[SourceVersionDate "2011.11.26"]
[SourceQuality "1"]

1. Nc3 Nf6 2. e4 d6 3. d4 g6 4. e5 dxe5 5. dxe5 Qxd1+ 6. Nxd1 Nd5 7. Ne3 Be6 8. Nf3 Bg7 9. Bd3 Nd7 10. Ng5 Nxe5 11. Bb5+ c6 12. Nxe6 fxe6 13. Be2 Nf4 14. Bd2 Nxe2 15. Kxe2 Nf7 16. Rhe1 Nd6 17. c3 O-O 18. f3 Rad8 19. Kd1 Bh6 20. Kc2 Nf5 21. Nc4 Bxd2 22. Nxd2 Ng7 23. Ne4 Rf5 24. c4 b6 25. Rad1 Rff8 26. Ng5 Rd6 27. Ne4 Rdd8 1/2-1/2

[Event "Oktoberfest U2000"]
[Site "Kitchener CAN"]
[Date "2008.10.19"]
[Round "4"]
[White "Gillanders, Robert"]
[Black "Hendon, Lee"]
[Result "1-0"]
[WhiteElo "1809"]
[BlackElo "1649"]
[PlyCount "59"]
[GameId "2160767910302954"]
[EventDate "2008.10.17"]
[EventType "swiss"]
[EventRounds "5"]
[EventCountry "CAN"]
[SourceTitle "EXT 2011"]
[Source "ChessBase"]
[SourceDate "2011.11.26"]
[SourceVersion "1"]
[SourceVersionDate "2011.11.26"]
[SourceQuality "1"]

1. e4 c5 2. Nf3 d6 3. d4 cxd4 4. Nxd4 Nf6 5. Nc3 a6 6. Be3 Nc6 7. f3 e6 8. Qd2 Be7 9. O-O-O Bd7 10. g4 e5 11. Nf5 Bxf5 12. gxf5 Qc7 13. Rg1 g6 14. fxg6 hxg6 15. a3 O-O-O 16. Kb1 Na5 17. Qf2 Nd7 18. Nd5 Bh4 19. Qd2 Nc4 20. Qc3 Nxa3+ 21. Qxa3 Qc6 22. Rd3 Nc5 23. Rc3 Kb8 24. b4 Be1 25. bxc5 Bxc3 26. Qxc3 Rxh2 27. Qb3 dxc5 28. Qc3 f5 29. Qxe5+ Qd6 30. Qxd6+ 1-0

[Event "Oktoberfest U2000"]
[Site "Kitchener CAN"]
[Date "2008.10.19"]
[Round "4"]
[White "Knechtel, Tim"]
[Black "Shah, Omar"]
[Result "0-1"]
[WhiteElo "1798"]
[BlackElo "1949"]
[PlyCount "109"]
[GameId "2160767910302955"]
[EventDate "2008.10.17"]
[EventType "swiss"]
[EventRounds "5"]
[EventCountry "CAN"]
[SourceTitle "EXT 2011"]
[Source "ChessBase"]
[SourceDate "2011.11.26"]
[SourceVersion "1"]
[SourceVersionDate "2011.11.26"]
[SourceQuality "1"]

1. g3 c5 2. d3 Nf6 3. Bg2 g6 4. Bd2 Bg7 5. Nc3 O-O 6. e4 d6 7. h3 Nc6 8. Qc1 Nd4 9. Nf3 Nxf3+ 10. Bxf3 Re8 11. Bg2 Rb8 12. a4 b6 13. O-O Bb7 14. Kh2 a6 15. f4 Nd7 16. Ne2 e6 17. Bc3 Bf8 18. Qe1 d5 19. e5 d4 20. Bxb7 Rxb7 21. Bd2 Nb8 22. Ng1 Qc7 23. Nf3 Nc6 24. Ng5 Ne7 25. Ne4 Rd8 26. Nd6 Rbb8 27. g4 Nd5 28. Nc4 Re8 29. b3 Ra8 30. Kg1 b5 31. Ba5 Qb8 32. Nb2 Ne3 33. Rf2 g5 34. Rc1 gxf4 35. Rxf4 Qxe5 36. Qf2 Bd6 37. Rf3 c4 38. Nd1 Qg5 39. Bd2 Rac8 40. dxc4 Nxd1 41. Rxd1 Qg7 42. axb5 axb5 43. Qh4 Be7 44. Qe1 bxc4 45. Bb4 Bg5 46. Bd2 d3 47. cxd3 c3 48. Bxg5 Qxg5 49. Re3 c2 50. Rc1 Qc5 51. Qf2 Qd4 52. Rf3 Qb2 53. Qf1 Re7 54. Rf2 Rec7 55. Rd2 0-1

[Event "Oktoberfest U2000"]
[Site "Kitchener CAN"]
[Date "2008.10.19"]
[Round "4"]
[White "Moran-Venegas, Mario"]
[Black "Douglas, Richard"]
[Result "0-1"]
[WhiteElo "1696"]
[BlackElo "1746"]
[PlyCount "78"]
[GameId "2160767910302956"]
[EventDate "2008.10.17"]
[EventType "swiss"]
[EventRounds "5"]
[EventCountry "CAN"]
[SourceTitle "EXT 2011"]
[Source "ChessBase"]
[SourceDate "2011.11.26"]
[SourceVersion "1"]
[SourceVersionDate "2011.11.26"]
[SourceQuality "1"]

1. e4 Nf6 2. e5 Nd5 3. c4 Nb6 4. d4 d6 5. exd6 exd6 6. b3 Be7 7. Bd3 Bf6 8. Be3 Nc6 9. Ne2 O-O 10. Qd2 Re8 11. O-O d5 12. Nbc3 dxc4 13. bxc4 Na5 14. Qc2 Naxc4 15. Ne4 Nxe3 16. Nxf6+ Qxf6 17. fxe3 Qh6 18. Rf3 Bg4 19. Rg3 Bxe2 20. Qxe2 Nd5 21. Rh3 Rxe3 22. Rxh6 Rxe2 23. Rxh7 Rd2 24. Rh3 Nf4 25. Bh7+ Kh8 26. Rh4 g5 27. Rxf4 gxf4 28. Be4 c6 29. Rf1 Rxd4 30. Bf3 Rad8 31. Rb1 R8d7 32. Bg4 Re7 33. h3 Rd2 34. a3 Ra2 35. Bc8 b6 36. Rb4 f3 37. Rh4+ Kg7 38. Rg4+ Kf8 39. Kf1 f2 0-1

[Event "Oktoberfest U2000"]
[Site "Kitchener CAN"]
[Date "2008.10.19"]
[Round "4"]
[White "Wang, Jesse BJ"]
[Black "Gashgarian, Robert"]
[Result "1-0"]
[WhiteElo "1911"]
[BlackElo "1921"]
[PlyCount "93"]
[GameId "2160767910302957"]
[EventDate "2008.10.17"]
[EventType "swiss"]
[EventRounds "5"]
[EventCountry "CAN"]

1. e4 Nf6 2. e5 Nd5 3. Nc3 e6 4. Nxd5 exd5 5. Nf3 d6 6. d4 Bg4 7. Be2 c6 8. O-O Be7 9. h3 Bf5 10. c4 dxc4 11. Bxc4 d5 12. Bd3 Bxd3 13. Qxd3 Na6 14. a3 Nc7 15. b4 a5 16. Bd2 axb4 17. axb4 O-O 18. Bc3 Qd7 19. Nd2 Nb5 20. f4 f5 21. Nb3 b6 22. Bd2 g6 23. Qe2 Qb7 24. g4 Nc7 25. Rxa8 Qxa8 26. Ra1 Qb7 27. Kg2 Ne6 28. Kg3 c5 29. dxc5 bxc5 30. Qa6 Qd7 31. Qb6 Bd8 32. Nxc5 Nxc5 33. Qxc5 fxg4 34. hxg4 h5 35. gxh5 gxh5 36. Rg1 Be7 37. Qb6 Kh7 38. Kf2 Bh4+ 39. Ke2 Qf5 40. Qb7+ Qf7 41. Qxf7+ Rxf7 42. Rh1 Be7 43. Rxh5+ Kg6 44. Rh1 Bxb4 45. Bxb4 Rxf4 46. Bd6 Kf5 47. Rf1 1-0

[Event "Oktoberfest U2000"]
[Site "Kitchener CAN"]
[Date "2008.10.19"]
[Round "5"]
[White "Douglas, Richard"]
[Black "Gillanders, Robert"]
[Result "1-0"]
[WhiteElo "1746"]
[BlackElo "1809"]
[PlyCount "37"]
[GameId "2160767910302958"]
[EventDate "2008.10.17"]
[EventType "swiss"]
[EventRounds "5"]
[EventCountry "CAN"]
[SourceTitle "EXT 2011"]
[Source "ChessBase"]
[SourceDate "2011.11.26"]
[SourceVersion "1"]
[SourceVersionDate "2011.11.26"]
[SourceQuality "1"]

1. e4 c5 2. Nc3 e6 3. f4 Nc6 4. Nf3 Nge7 5. Bb5 a6 6. Bxc6 Nxc6 7. O-O b5 8. d3 Qb6 9. f5 Bb7 10. fxe6 fxe6 11. Ng5 c4+ 12. Kh1 Ne5 13. d4 Ng6 14. Nf7 Bb4 15. Nxh8 Nxh8 16. d5 g6 17. Qf3 Qd4 18. Bh6 e5 19. Qf6 1-0

[Event "Oktoberfest U2000"]
[Site "Kitchener CAN"]
[Date "2008.10.19"]
[Round "5"]
[White "Ferreira, Alex"]
[Black "Wang, Jesse BJ"]
[Result "1/2-1/2"]
[WhiteElo "1937"]
[BlackElo "1911"]
[PlyCount "76"]
[GameId "2160767910302959"]
[EventDate "2008.10.17"]
[EventType "swiss"]
[EventRounds "5"]
[EventCountry "CAN"]

1. Nc3 e5 2. e4 Nf6 3. f4 d5 4. d3 dxe4 5. fxe5 Ng4 6. dxe4 Qxd1+ 7. Nxd1 Nxe5 8. Nf3 Nxf3+ 9. gxf3 Nc6 10. Bf4 Nd4 11. Kf2 Ne6 12. Be3 Bd6 13. Nc3 c6 14. Ne2 g5 15. Bh3 h6 16. Bg4 Bc5 17. Bxc5 Nxc5 18. Bxc8 Rxc8 19. Nd4 O-O 20. h4 Rcd8 21. Ke3 Kg7 22. hxg5 hxg5 23. Rag1 Kg6 24. f4 f6 25. b4 Rxd4 26. f5+ Kg7 27. Kxd4 Nd7 28. c4 Ne5 29. Kc3 c5 30. bxc5 Rc8 31. Rb1 b6 32. Rb5 Rc7 33. a4 g4 34. Rg1 bxc5 35. a5 Kh6 36. a6 Rd7 37. Rxc5 Rd3+ 38. Kc2 Rd4 1/2-1/2

[Event "Oktoberfest U2000"]
[Site "Kitchener CAN"]
[Date "2008.10.19"]
[Round "5"]
[White "Hendon, Lee"]
[Black "Shah, Omar"]
[Result "0-1"]
[WhiteElo "1649"]
[BlackElo "1949"]
[PlyCount "44"]
[GameId "2160767910302960"]
[EventDate "2008.10.17"]
[EventType "swiss"]
[EventRounds "5"]
[EventCountry "CAN"]
[SourceTitle "EXT 2011"]
[Source "ChessBase"]
[SourceDate "2011.11.26"]
[SourceVersion "1"]
[SourceVersionDate "2011.11.26"]
[SourceQuality "1"]

1. e4 d5 2. exd5 Nf6 3. Nc3 Nxd5 4. Bc4 Be6 5. Nxd5 Bxd5 6. Bxd5 Qxd5 7. Qf3 Qe6+ 8. Qe3 Qg6 9. Qf3 Nc6 10. c3 O-O-O 11. d4 e5 12. d5 e4 13. Qh3+ Kb8 14. dxc6 e3 15. Bxe3 Qc2 16. Ne2 Qxb2 17. Rc1 Ba3 18. Qf3 Qxa2 19. O-O Bxc1 20. Rxc1 Rhe8 21. cxb7 Qb2 22. Nd4 Qxc1+ 0-1

[Event "Oktoberfest U2000"]
[Site "Kitchener CAN"]
[Date "2008.10.19"]
[Round "5"]
[White "Liu, Steven2"]
[Black "Gashgarian, Robert"]
[Result "1/2-1/2"]
[WhiteElo "1779"]
[BlackElo "1921"]
[PlyCount "49"]
[GameId "2160767910302961"]
[EventDate "2008.10.17"]
[EventType "swiss"]
[EventRounds "5"]
[EventCountry "CAN"]
[SourceTitle "EXT 2011"]
[Source "ChessBase"]
[SourceDate "2011.11.26"]
[SourceVersion "1"]
[SourceVersionDate "2011.11.26"]
[SourceQuality "1"]

1. e4 c5 2. Nf3 e6 3. Nc3 a6 4. d4 cxd4 5. Nxd4 Qc7 6. Be3 Nf6 7. a3 d6 8. h3 Nbd7 9. Bd3 Ne5 10. O-O Nc4 11. Bxc4 Qxc4 12. Qe2 Qxe2 13. Ndxe2 b5 14. Rad1 Bb7 15. f3 Be7 16. Rd2 O-O 17. Rfd1 Rac8 18. Bf4 d5 19. exd5 Bc5+ 20. Kh1 Nxd5 21. Nxd5 Bxd5 22. Nc3 Bc6 23. Bd6 Bxd6 24. Rxd6 a5 25. Ne2 1/2-1/2

[Event "Oktoberfest U2000"]
[Site "Kitchener CAN"]
[Date "2008.10.19"]
[Round "5"]
[White "Prysiazny, Michael"]
[Black "Palmer, Jordan"]
[Result "1/2-1/2"]
[WhiteElo "1821"]
[BlackElo "1952"]
[PlyCount "24"]
[GameId "2160767910302962"]
[EventDate "2008.10.17"]
[EventType "swiss"]
[EventRounds "5"]
[EventCountry "CAN"]
[SourceTitle "EXT 2011"]
[Source "ChessBase"]
[SourceDate "2011.11.26"]
[SourceVersion "1"]
[SourceVersionDate "2011.11.26"]
[SourceQuality "1"]

1. e4 d5 2. exd5 Nf6 3. c4 c6 4. d4 cxd5 5. Nc3 Nc6 6. Nf3 Bg4 7. cxd5 Nxd5 8. Qb3 Bxf3 9. gxf3 Nb6 10. Be3 e6 11. d5 exd5 12. O-O-O Be7 1/2-1/2

[Event "Oktoberfest op"]
[Site "Kitchener CAN"]
[Date "2008.10.17"]
[Round "1"]
[White "Hartman, Brian"]
[Black "Olheiser, Gordon"]
[Result "1-0"]
[WhiteElo "2440"]
[BlackElo "2081"]
[PlyCount "59"]
[GameId "2160767910302964"]
[EventDate "2008.10.17"]
[EventType "swiss"]
[EventRounds "5"]
[EventCountry "CAN"]
[SourceTitle "EXT 2011"]
[Source "ChessBase"]
[SourceDate "2011.11.26"]
[SourceVersion "1"]
[SourceVersionDate "2011.11.26"]
[SourceQuality "1"]

1. e4 g6 2. d4 Bg7 3. Nf3 d6 4. Bc4 e6 5. Bb3 Ne7 6. Be3 Nd7 7. Nbd2 b6 8. h4 Nf6 9. Qe2 Bb7 10. Bg5 h6 11. Bf4 a6 12. a4 Qd7 13. c3 Kf8 14. Bc2 Kg8 15. Nf1 Re8 16. Bd3 Qc8 17. Ng3 Qa8 18. Nd2 Nd7 19. Be3 f5 20. h5 e5 21. dxe5 Nxe5 22. hxg6 fxe4 23. Bxe4 d5 24. Bc2 c5 25. O-O-O d4 26. cxd4 cxd4 27. Bxd4 N7c6 28. Bb3+ Kf8 29. Bxb6 Nb4 30. Bc5+ 1-0

[Event "Oktoberfest op"]
[Site "Kitchener CAN"]
[Date "2008.10.17"]
[Round "1"]
[White "Henry, Liam"]
[Black "Humphreys, Michael"]
[Result "1/2-1/2"]
[WhiteElo "2247"]
[BlackElo "2052"]
[PlyCount "46"]
[GameId "2160767910302965"]
[EventDate "2008.10.17"]
[EventType "swiss"]
[EventRounds "5"]
[EventCountry "CAN"]
[SourceTitle "EXT 2011"]
[Source "ChessBase"]
[SourceDate "2011.11.26"]
[SourceVersion "1"]
[SourceVersionDate "2011.11.26"]
[SourceQuality "1"]

1. e4 c5 2. Nf3 Nc6 3. d4 cxd4 4. Nxd4 g6 5. Nc3 Bg7 6. Be3 Nf6 7. Bc4 O-O 8. Bb3 a5 9. O-O d6 10. h3 Nxd4 11. Bxd4 Bd7 12. a4 Bc6 13. Qd3 Nd7 14. Bxg7 Kxg7 15. Rad1 Nc5 16. Qd4+ f6 17. f4 Nxb3 18. cxb3 Ra6 19. e5 Qb6 20. exd6 exd6 21. b4 axb4 22. Qxb6 Rxb6 23. Nb5 Bxb5 1/2-1/2

[Event "Oktoberfest op"]
[Site "Kitchener CAN"]
[Date "2008.10.17"]
[Round "1"]
[White "Plotkin, Victor"]
[Black "Morrison, Kyle"]
[Result "1-0"]
[WhiteElo "2304"]
[BlackElo "2205"]
[PlyCount "53"]
[GameId "2160767910302966"]
[EventDate "2008.10.17"]
[EventType "swiss"]
[EventRounds "5"]
[EventCountry "CAN"]
[SourceTitle "EXT 2011"]
[Source "ChessBase"]
[SourceDate "2011.11.26"]
[SourceVersion "1"]
[SourceVersionDate "2011.11.26"]
[SourceQuality "1"]

1. e4 c5 2. c3 Nf6 3. e5 Nd5 4. d4 cxd4 5. Nf3 Nc6 6. Bc4 e6 7. cxd4 d6 8. O-O Be7 9. Bd2 Qb6 10. Nc3 Nxc3 11. Bxc3 dxe5 12. Nxe5 O-O 13. Nxc6 Qxc6 14. Bb3 Rd8 15. Re1 Bf8 16. Qh5 b6 17. Bc2 g6 18. Qh4 Qd6 19. d5 Be7 20. Bf6 Bxf6 21. Qxf6 e5 22. Qxe5 Bb7 23. Rad1 Bxd5 24. Qxd6 Rxd6 25. Re3 Rc6 26. Ba4 Rc5 27. b4 1-0

[Event "Oktoberfest op"]
[Site "Kitchener CAN"]
[Date "2008.10.17"]
[Round "1"]
[White "Touboulic, Julien"]
[Black "McDonald, Justin"]
[Result "1-0"]
[WhiteElo "2197"]
[BlackElo "2029"]
[PlyCount "73"]
[GameId "2160767910302967"]
[EventDate "2008.10.17"]
[EventType "swiss"]
[EventRounds "5"]
[EventCountry "CAN"]
[SourceTitle "EXT 2011"]
[Source "ChessBase"]
[SourceDate "2011.11.26"]
[SourceVersion "1"]
[SourceVersionDate "2011.11.26"]
[SourceQuality "1"]

1. e4 e5 2. Nf3 Nc6 3. Bb5 a6 4. Ba4 Nf6 5. O-O b5 6. Bb3 Be7 7. Re1 O-O 8. d4 Nxd4 9. Nxd4 exd4 10. e5 Ne8 11. c3 d6 12. Qf3 Rb8 13. cxd4 dxe5 14. dxe5 Be6 15. Nc3 Bb4 16. Bxe6 fxe6 17. Qg4 Bxc3 18. Qxe6+ Kh8 19. bxc3 Rb6 20. Qh3 c5 21. Be3 Qe7 22. f4 Nc7 23. Rad1 Rh6 24. Rd7 Rxh3 25. Rxe7 Rxe3 26. Rxe3 Nd5 27. Rf7 Rxf7 28. Rd3 Ne7 29. Rd7 g6 30. g4 Rg7 31. Kf2 Nc6 32. Rd5 c4 33. Ke3 Kg8 34. Ke4 Kf8 35. Rc5 Rc7 36. f5 gxf5+ 37. gxf5 1-0

[Event "Oktoberfest op"]
[Site "Kitchener CAN"]
[Date "2008.10.17"]
[Round "1"]
[White "Van Run, Jan"]
[Black "Drkulec, Vladimir"]
[Result "1/2-1/2"]
[WhiteElo "2056"]
[BlackElo "2028"]
[PlyCount "109"]
[GameId "2160767910302968"]
[EventDate "2008.10.17"]
[EventType "swiss"]
[EventRounds "5"]
[EventCountry "CAN"]
[SourceTitle "EXT 2011"]
[Source "ChessBase"]
[SourceDate "2011.11.26"]
[SourceVersion "1"]
[SourceVersionDate "2011.11.26"]
[SourceQuality "1"]

1. b3 Nc6 2. Bb2 e5 3. e3 d6 4. Bb5 Bd7 5. Ne2 f5 6. d4 e4 7. Nf4 Qf6 8. Nc3 Nge7 9. Nfd5 Nxd5 10. Nxd5 Qd8 11. c4 a6 12. Bxc6 bxc6 13. Nf4 Qf6 14. Rb1 Qf7 15. Qd2 g5 16. d5 Rg8 17. Ne2 c5 18. g3 Be7 19. Bc3 Qh5 20. Ng1 Rb8 21. Qd1 Qh6 22. f4 gxf4 23. gxf4 Rg2 24. Rb2 Qh4+ 25. Kf1 Rxb2 26. Bxb2 a5 27. Ne2 Qh3+ 28. Ke1 Qxe3 29. Qd2 Qxd2+ 30. Kxd2 a4 31. Kc2 axb3+ 32. axb3 Kf7 33. Rg1 Bf8 34. Rg3 Re8 35. Rh3 h6 36. Rg3 Ra8 37. Rg2 Rb8 38. Ng3 Be7 39. Nh5 Rg8 40. Rxg8 Kxg8 41. Nf6+ Bxf6 42. Bxf6 Kf7 43. Bd8 c6 44. Bc7 Ke7 45. Kc3 Be8 46. dxc6 Bxc6 47. Ba5 Ke6 48. b4 cxb4+ 49. Bxb4 Bb7 50. Kd4 Ke7 51. c5 dxc5+ 52. Bxc5+ Kf6 53. Bf8 Kg6 54. Ke3 Kh5 55. h4 1/2-1/2

[Event "Oktoberfest op"]
[Site "Kitchener CAN"]
[Date "2008.10.18"]
[Round "2"]
[White "Dougherty, Michael"]
[Black "Van Run, Jan"]
[Result "0-1"]
[WhiteElo "2300"]
[BlackElo "2056"]
[PlyCount "74"]
[GameId "2160767910302969"]
[EventDate "2008.10.17"]
[EventType "swiss"]
[EventRounds "5"]
[EventCountry "CAN"]
[SourceTitle "EXT 2011"]
[Source "ChessBase"]
[SourceDate "2011.11.26"]
[SourceVersion "1"]
[SourceVersionDate "2011.11.26"]
[SourceQuality "1"]

1. Nf3 g6 2. d4 Bg7 3. c4 c6 4. Nc3 Nh6 5. h4 f6 6. h5 g5 7. e4 d6 8. Be2 Bg4 9. Be3 Nd7 10. c5 dxc5 11. dxc5 Bxf3 12. gxf3 Qa5 13. a3 Nf7 14. b4 Qc7 15. Qb3 a6 16. Rg1 f5 17. exf5 Qe5 18. Bd2 Qxf5 19. O-O-O a5 20. f4 axb4 21. Bg4 Nxc5 22. Qc4 Nd3+ 23. Kb1 Nde5+ 24. Qe4 Qxe4+ 25. Nxe4 Nxg4 26. Bxb4 Nf6 27. Rde1 Nxe4 28. Rxe4 Bf6 29. f5 O-O-O 30. Bxe7 Bxe7 31. Rxe7 Rd7 32. Rge1 Rhd8 33. R7e6 Rd1+ 34. Rxd1 Rxd1+ 35. Kc2 Rd6 36. Rg6 Kd7 37. Kc3 Ke7 0-1

[Event "Oktoberfest op"]
[Site "Kitchener CAN"]
[Date "2008.10.18"]
[Round "2"]
[White "Drkulec, Vladimir"]
[Black "Mayo, Alvah"]
[Result "1-0"]
[WhiteElo "2028"]
[BlackElo "2125"]
[PlyCount "69"]
[GameId "2160767910302970"]
[EventDate "2008.10.17"]
[EventType "swiss"]
[EventRounds "5"]
[EventCountry "CAN"]
[SourceTitle "EXT 2011"]
[Source "ChessBase"]
[SourceDate "2011.11.26"]
[SourceVersion "1"]
[SourceVersionDate "2011.11.26"]
[SourceQuality "1"]

1. d4 g6 2. e4 Bg7 3. Be3 c5 4. c3 Qb6 5. Qd2 cxd4 6. cxd4 Nc6 7. Ne2 d5 8. Nbc3 Nf6 9. f3 e6 10. e5 Nd7 11. O-O-O h6 12. Kb1 a5 13. Nc1 a4 14. Nb5 a3 15. Nd6+ Kf8 16. b3 Kg8 17. h4 Ne7 18. h5 g5 19. g4 f6 20. f4 gxf4 21. Bxf4 fxe5 22. dxe5 Nxe5 23. Ne8 Nf7 24. Nxg7 Kxg7 25. Qc3+ Kg8 26. Qf6 Nc6 27. Bg2 Ra4 28. Rhf1 Rh7 29. Bxh6 Rxg4 30. Bh3 Rg3 31. Bxe6 Bxe6 32. Qxe6 Qd8 33. Rxd5 Kh8 34. Rxf7 Qg8 35. Qf6+ 1-0

[Event "Oktoberfest op"]
[Site "Kitchener CAN"]
[Date "2008.10.18"]
[Round "2"]
[White "Hambleton, Aman"]
[Black "Henry, Liam"]
[Result "0-1"]
[WhiteElo "2058"]
[BlackElo "2247"]
[PlyCount "110"]
[GameId "2160767910302971"]
[EventDate "2008.10.17"]
[EventType "swiss"]
[EventRounds "5"]
[EventCountry "CAN"]
[SourceTitle "EXT 2011"]
[Source "ChessBase"]
[SourceDate "2011.11.26"]
[SourceVersion "1"]
[SourceVersionDate "2011.11.26"]
[SourceQuality "1"]

1. d4 Nf6 2. c4 e6 3. Nf3 Bb4+ 4. Bd2 Qe7 5. a3 Bxd2+ 6. Qxd2 b6 7. Nc3 Bb7 8. g3 O-O 9. Bg2 d6 10. O-O Nbd7 11. d5 e5 12. Qc2 g6 13. e4 Nh5 14. Rfe1 Qd8 15. Bh3 Bc8 16. b4 Ndf6 17. Bg2 Ne8 18. c5 f5 19. cxd6 cxd6 20. Rac1 f4 21. Nb5 Rf7 22. Qc6 Bd7 23. Nxd6 Bxc6 24. Nxf7 Kxf7 25. Nxe5+ Kg8 26. Nxc6 Qg5 27. e5 Neg7 28. d6 Rf8 29. d7 fxg3 30. hxg3 Qd2 31. d8=Q Qxf2+ 32. Kh1 Rxd8 33. Nxd8 Nf5 34. Ne6 Kf7 35. Ng5+ Ke7 36. Rc7+ Kf8 37. Rd1 Nhxg3+ 38. Kh2 Nf1+ 39. Rxf1 Qg3+ 40. Kg1 Qxg5 41. Rxh7 Qe3+ 42. Rf2 a5 43. bxa5 bxa5 44. Rh3 Qxe5 45. Rhf3 Kg7 46. Bh3 Nh4 47. Rf4 g5 48. Rf7+ Kg6 49. Bg4 Qg3+ 50. Kh1 Qe5 51. Bd7 Qd5+ 52. Kg1 Qd4 53. Kh2 Kh6 54. R7f6+ Ng6 55. R2f3 Qe5+ 0-1

[Event "Oktoberfest op"]
[Site "Kitchener CAN"]
[Date "2008.10.18"]
[Round "2"]
[White "Humphreys, Michael"]
[Black "Filipovich, David"]
[Result "1/2-1/2"]
[WhiteElo "2052"]
[BlackElo "2224"]
[PlyCount "84"]
[GameId "2160767910302972"]
[EventDate "2008.10.17"]
[EventType "swiss"]
[EventRounds "5"]
[EventCountry "CAN"]
[SourceTitle "EXT 2011"]
[Source "ChessBase"]
[SourceDate "2011.11.26"]
[SourceVersion "1"]
[SourceVersionDate "2011.11.26"]
[SourceQuality "1"]

1. d4 g6 2. c4 Bg7 3. Nc3 d6 4. e4 e5 5. dxe5 dxe5 6. Qxd8+ Kxd8 7. Bd2 Be6 8. O-O-O Kc8 9. g3 Nc6 10. Bh3 Nd4 11. Bxe6+ fxe6 12. f4 Ne7 13. fxe5 c5 14. Bf4 Nec6 15. Nce2 Kc7 16. Nxd4 Nxd4 17. h4 h6 18. Nh3 Rad8 19. Rhf1 b6 20. Rd2 Nc6 21. Rfd1 Nxe5 22. Nf2 Rxd2 23. Rxd2 Kc6 24. b3 g5 25. hxg5 hxg5 26. Be3 Rc8 27. Kc2 Nf3 28. Re2 Bd4 29. Nh3 g4 30. Nf4 Kd6 31. Kd3 Bxe3 32. Kxe3 Rh8 33. Rf2 Rh1 34. Re2 Rd1 35. Rg2 Re1+ 36. Kd3 Ra1 37. Kc3 Rc1+ 38. Rc2 Rxc2+ 39. Kxc2 Ke5 40. Kd3 Ng5 41. Ng6+ Kf6 42. Nf4 Ke5 1/2-1/2

[Event "Oktoberfest op"]
[Site "Kitchener CAN"]
[Date "2008.10.18"]
[Round "2"]
[White "McDonald, Justin"]
[Black "Fiedler, Brian"]
[Result "0-1"]
[WhiteElo "2029"]
[BlackElo "2144"]
[PlyCount "78"]
[GameId "2160767910302973"]
[EventDate "2008.10.17"]
[EventType "swiss"]
[EventRounds "5"]
[EventCountry "CAN"]
[SourceTitle "EXT 2011"]
[Source "ChessBase"]
[SourceDate "2011.11.26"]
[SourceVersion "1"]
[SourceVersionDate "2011.11.26"]
[SourceQuality "1"]

1. e4 c5 2. f4 d5 3. exd5 Qxd5 4. Nc3 Qd8 5. Nf3 Nc6 6. Bb5 Bd7 7. O-O Nf6 8. Ne5 Qc7 9. Nxd7 Qxd7 10. Qf3 Rc8 11. f5 g6 12. fxg6 hxg6 13. d3 Bg7 14. Be3 a6 15. Bxc6 Rxc6 16. Rae1 O-O 17. Bg5 Rb6 18. Rxe7 Qxe7 19. Nd5 Nxd5 20. Bxe7 Nxe7 21. b3 Bd4+ 22. Kh1 Rf6 23. Qe2 Rxf1+ 24. Qxf1 Nc6 25. Qe1 Kg7 26. g3 Rd8 27. Kg2 Rd7 28. Kf3 Re7 29. Qd2 Re3+ 30. Kg2 Ne5 31. g4 Rf3 32. Qd1 Rf2+ 33. Kg3 g5 34. Qc1 Rf4 35. h3 Bf2+ 36. Kg2 Bh4 37. Qa1 f6 38. Kh1 Rf2 39. Qe1 Rh2+ 0-1

[Event "Oktoberfest op"]
[Site "Kitchener CAN"]
[Date "2008.10.18"]
[Round "2"]
[White "Morrison, Kyle"]
[Black "Olheiser, Gordon"]
[Result "1-0"]
[WhiteElo "2205"]
[BlackElo "2081"]
[PlyCount "116"]
[GameId "2160767910302974"]
[EventDate "2008.10.17"]
[EventType "swiss"]
[EventRounds "5"]
[EventCountry "CAN"]
[SourceTitle "EXT 2011"]
[Source "ChessBase"]
[SourceDate "2011.11.26"]
[SourceVersion "1"]
[SourceVersionDate "2011.11.26"]
[SourceQuality "1"]

1. d4 g6 2. Nf3 Bg7 3. e4 d6 4. Bd3 Nd7 5. O-O e5 6. c3 Ne7 7. Re1 O-O 8. Bg5 h6 9. Bh4 g5 10. Bg3 Ng6 11. h3 Qe7 12. Nbd2 c5 13. Nc4 Nb6 14. Qb3 Nxc4 15. Bxc4 Be6 16. dxe5 dxe5 17. Rad1 Rad8 18. Nd2 Nf4 19. Bxf4 exf4 20. Bxe6 fxe6 21. Qa4 b6 22. Nc4 h5 23. Rxd8 Rxd8 24. Rd1 g4 25. hxg4 hxg4 26. Rxd8+ Qxd8 27. Qxa7 Qd1+ 28. Kh2 g3+ 29. fxg3 Qh5+ 30. Kg1 fxg3 31. Qb8+ Kh7 32. Qxg3 Qd1+ 33. Kh2 Qh5+ 34. Qh3 Qxh3+ 35. gxh3 b5 36. Ne3 Kg6 37. Kg3 Kg5 38. Ng2 Be5+ 39. Kf3 b4 40. cxb4 cxb4 41. b3 Bb2 42. Nf4 Kf6 43. Nd3 Bc3 44. Kg4 Kg6 45. h4 Kf6 46. h5 Bd2 47. h6 Kg6 48. Nf4+ Kxh6 49. Nxe6 Kg6 50. Nf4+ Kf6 51. Nd3 Ke6 52. Kf3 Kd6 53. Kf2 Bc3 54. Ke2 Ke7 55. Nf2 Bd4 56. Kd2 Bc3+ 57. Kd3 Be1 58. Ng4 Kd6 1-0